000 00705nam a2200241Ia 4500
003 OSt
005 20220918204635.0
006 a|||||r|||| 00| 0
007 ta
008 220917b |||||||| |||| 00| 0 eng d
024 _a113,622
037 _cTextual
040 _aARTS
_cARTS
_beng
041 _2eng
_aeng
082 _aV5:1:N3, J81
100 _aPressieisen Ernest L
_9112682
245 0 _aGermany and Japan
_b a study in toytalitarian diplomacy 1933 -1941
260 _c1958
490 _aInternatoional scholats gorum : a series of books by American scholars; 12
650 _aHISTORY
942 _hV5:1:N3, J81
_cTEXL
_2CC
999 _c236953
_d236953